|
|
|
|
| LEADER |
00000cam a2200000 4500 |
| 001 |
vtls011830680 |
| 003 |
SK-MaSNL |
| 005 |
20260301100600.0 |
| 008 |
210209s2016 xxuob frn 001 0 eng |
| 015 |
|
|
|a SNBZSA2020/02
|
| 020 |
|
|
|a 9780804796668
|q (viazané)
|
| 035 |
|
|
|a urn:nbn:sk:snk-am00eef2
|
| 035 |
|
|
|a urn:nbn:sk:snk-am3ihop
|
| 035 |
|
|
|a E23A74A9-09F0-4DF1-8DB7-6A5E5B41B2FA
|
| 040 |
|
|
|a SNK
|b slo
|c SNK
|e rda
|
| 041 |
0 |
|
|a eng
|
| 044 |
|
|
|a xxu
|c US
|
| 072 |
|
7 |
|a 94(430/439)
|x Dejiny krajín strednej Európy
|2 konspekt
|
| 080 |
|
|
|a 323.12
|2 2011
|
| 080 |
|
|
|a 323.1
|2 2011
|
| 080 |
|
|
|a 94(100)"1939/1945"
|2 2011
|
| 080 |
|
|
|a 323.12"1939/1945"
|2 2011
|
| 080 |
|
|
|a (=411.16)
|2 2011
|
| 080 |
|
|
|a (048.8)
|2 2011
|
| 100 |
1 |
|
|a Segal, Raz
|4 aut
|9 433575
|
| 245 |
1 |
0 |
|a Genocide in the Carpathians
|b war, social breakdown, and mass violence, 1914-1945
|c Raz Segal
|
| 264 |
|
1 |
|a Stanford
|b Stanford University Press
|c 2016
|
| 300 |
|
|
|a xiii, 211 strán
|b fotografie, mapy
|c 24 cm
|
| 336 |
|
|
|a text
|b txt
|2 rdacontent
|
| 337 |
|
|
|a bez média
|b n
|2 rdamedia
|
| 338 |
|
|
|a zväzok
|b nc
|2 rdacarrier
|
| 490 |
1 |
|
|a Stanford Studies on Central and Eastern Europe
|
| 500 |
|
|
|a Obsahuje poznámky pod čiarou
|
| 504 |
|
|
|a Obsahuje bibliografiu na strane 193-204 ; bibliografické odkazy na strane 129-192 ; register na strane 205-211
|
| 648 |
|
7 |
|a 1914-1945
|2 SNKPH
|9 341225
|
| 648 |
|
7 |
|a 20th century
|2 SNKPHeng
|9 277995
|
| 648 |
|
7 |
|a 20. storočie
|2 SNKPHeng
|9 278343
|
| 650 |
0 |
7 |
|a genocída
|2 SNKPH
|9 4472
|
| 650 |
0 |
7 |
|a etnické vzťahy
|2 SNKPH
|9 3862
|
| 650 |
0 |
7 |
|a druhá svetová vojna (1939-1945)
|2 SNKPH
|9 169657
|
| 650 |
0 |
7 |
|a Židia
|2 SNKPH
|9 3760
|
| 650 |
0 |
7 |
|a Genocide
|2 SNKPHeng
|9 338697
|
| 650 |
0 |
7 |
|a Ethnic relations
|2 SNKPHeng
|9 304192
|
| 650 |
0 |
7 |
|a World War (1939-1945)
|2 SNKPHeng
|9 284172
|
| 650 |
0 |
7 |
|a Holocaust (1939-1945)
|2 SNKPHeng
|9 164372
|
| 650 |
0 |
7 |
|a Jews
|2 SNKPHeng
|9 267345
|
| 650 |
0 |
7 |
|a holokaust (1939-1945)
|2 SNKPH
|9 160313
|
| 651 |
|
7 |
|a Podkarpatská Rus (Slovensko)
|2 SNKPHgeo
|9 383029
|
| 655 |
|
7 |
|a monografie
|2 SNKPH
|9 70139
|
| 655 |
|
7 |
|a Monographs
|2 SNKPHeng
|9 120675
|
| 830 |
|
0 |
|a Stanford Studies on Central and Eastern Europe
|9 425566
|
| 919 |
|
|
|a 978-0-8047-9666-8
|
| 958 |
|
|
|a ZS
|
| 958 |
|
|
|a NB
|
| 958 |
|
|
|a NM
|
| 999 |
|
|
|c 686751
|d 688681
|
| 952 |
|
|
|a SNK
|b SNK
|y PREZ
|7 0
|p 17A1351637
|o snkSC 182138
|i snk2018/27430
|8 3
|g 72.34
|0 0
|1 0
|4 0
|d 2018-12-18
|f 1
|l 0
|r 2026-02-23 20:15:08
|w 2026-02-23
|